Languages of South Africa Map Quiz - Statistics

General Stats
  • This quiz has been taken 304 times
  • The average score is 8 of 11
Answers on the Map
Answers color-coded by a green-red scale on the quiz's map according to % correct below.
 
Answer Stats
Languages % Correct
Afrikaans
98%
Zulu
95%
Xhosa
91%
English
89%
Tswana
80%
Swazi
77%
Northern Sotho
67%
Southern Sotho
63%
Southern Ndebele
60%
Venda
55%
Tsonga
51%
No matching quizzes found
Score Distribution
Percent of People with Each Score
Percentile by Number Answered
Your Score History
You have not taken this quiz